00381nam a22001337a 4500082001400000100002500014245002600039260002600065300001200091500001500103942000700118999001700125952010500142 a891.43930 aTariq Ismaeel Saagar aJASOOS KESE BANTA HAY aLahore,bSky, c2005. a440p. : aHardcover. cBK c32553d32553 00102ddc4070aSMMEbSMMEd2015-10-02l0o891.43930 TARpSMME-1406r2018-03-28w2015-10-02yBK